Central Library OPAC University of Rajshahi

International directory of radioisotopes / (Record no. 66521)

MARC details
000 -LEADER
fixed length control field 00838nam a2200241 a 4500
001 - CONTROL NUMBER
control field 66521
003 - CONTROL NUMBER IDENTIFIER
rucl marc code BD-RjUL
005 - DATE AND TIME OF LATEST TRANSACTION
control field 20211209081542.0
008 - FIXED-LENGTH DATA ELEMENTS--GENERAL INFORMATION
fixed length control field 170316s1962 au a 001 0 eng d
035 ## - SYSTEM CONTROL NUMBER
System control number (BD-RjUL)66651
040 ## - CATALOGING SOURCE
Original cataloging agency DLC
Transcribing agency GAT
Modifying agency BD-RjUL
Language of cataloging eng
041 ## - LANGUAGE CODE
Language code of text/sound track or separate title eng
082 ## - DEWEY DECIMAL CLASSIFICATION NUMBER
Edition number 23
Classification number 621.4837
Author mark and year INT 1962
110 2# - MAIN ENTRY--CORPORATE NAME
Corporate name or jurisdiction name as entry element International Atomic Energy Agency.
9 (RLIN) 197059
245 10 - TITLE STATEMENT
Title International directory of radioisotopes /
250 ## - EDITION STATEMENT
Edition statement 2d ed.
260 ## - PUBLICATION, DISTRIBUTION, ETC. (IMPRINT)
Place of publication, distribution, etc. Vienna,
Name of publisher, distributor, etc. International Atomic Energy Agency.
Date of publication, distribution, etc. 1962.
300 ## - PHYSICAL DESCRIPTION
Pagination Pt. :
Illustrations ill. ;
Size 25 cm.
500 ## - GENERAL NOTE
General note Include Index.
505 ## - FORMATTED CONTENTS NOTE
Formatted contents note Pt.-1.--unprocessed and processed radioisotope preparations and special radiation sources. Pt.-2.--compounds of carbon-14, Hydrogen-3, iodine-131, phosphorus-32 and sulphur-35.
650 #0 - SUBJECT ADDED ENTRY--TOPICAL TERM
Topical term or geographic name as entry element Radioisotopes
9 (RLIN) 196890
942 ## - ADDED ENTRY ELEMENTS (KOHA)
Source of classification or shelving scheme Dewey Decimal Classification
Koha item type Books
Holdings
Lost status Source of classification or shelving scheme Damaged status Not for loan Collection code Permanent Location Current Location Shelving location Date acquired Total Checkouts Full call number Date last seen Copy number Koha item type
  Dewey Decimal Classification   Not For Loan Non-fiction Central Library, University of Rajshahi Central Library, University of Rajshahi Reading Room 09/12/2021   621.4837 INT PT-1,2 1962 16/03/2017 C-1 Books